Les boss de Yo-Kai Watch blasters - Statistiques

Statistiques générales
  • Ce quiz a été pris 33 fois
  • Le résultat moyen est 24 sur 36
Statistiques - réponses
Boss % Correct
Gargaros
91%
Ogralos
91%
Crocho
87%
Domniscian
83%
Orqanos
83%
Tata la Terreur
83%
Triptyk
78%
Carpitaine
74%
Roi Shogun
74%
Démophage
70%
Filomène
70%
Grolos
70%
Hydreux
70%
Potofeu
70%
Robonyan 28
70%
Robonyan 3000
70%
Blingos
65%
Bogos
65%
Crème Chantiwhisp
65%
Extrabuki
65%
Lady Perpétua
65%
Marmonneur en série
65%
Pattes Rouges
65%
Zazel
65%
Jiganyan
61%
Komak
61%
McKraken
61%
Porcinator
61%
Styx VI
61%
Vampéric
61%
Domniscian 2.0
57%
Omaï Tourbillonant
57%
Capitaine Tonnerre
52%
Emperose
48%
Griffes Dorées
43%
Or Tourbillonant
43%
Aucun quiz correspondant
Distribution des résultats
% des personnes avec chaque résultat
Percentile par nombre de réponses
Votre historique - résultats
Vous n’avez pas pris ce quiz